100 Tiny Movie Scenes Quiz Stats

Quiz Updated Apr 4, 2014

Also try: Movies by Scene
Challenge
Share
Tweet
Score 0/100 Timer 15:00
6 Plays Today
Image Movie % Correct
1The Shining
87.5%
6Terminator 2
86.1%
91Home Alone
82.6%
4Rango
77.8%
16Scream
76.2%
64Kill Bill
74.7%
2Ghostbusters
74.5%
82Brokeback Mountain
73.9%
13Rocky
73.7%
52Cinderella
72.7%
17Cast Away
72.3%
7Black Swan
72.1%
42Casablanca
69.9%
90The Matrix
68.5%
36Forrest Gump
68.4%
9The Three Amigos
68.3%
74Wall-E
68.3%
3The 40 Year Old Virgin
67.4%
27The Iron Giant
67%
44The Wizard of Oz
66.7%
79Little Miss Sunshine
61.1%
33Rain Man
59.8%
11The Goonies
59.6%
63Fantastic Mr. Fox
59.1%
61No Country for Old Men
58.8%
28The Wrestler
58.2%
73Dirty Harry
58%
20American History X
57.7%
8The Shawshank Redemption
56.7%
5Pretty In Pink
56.5%
21The Dark Knight
56.2%
30Coneheads
55.5%
32Up
53.7%
14The King's Speech
53.1%
Image Movie % Correct
12The Breakfast Club
52.2%
31Donnie Darko
50.8%
81Top Gun
49.4%
54Taxi Driver
48.5%
45Ace Ventura: Pet Detective
48.3%
39Young Frankenstein
47.7%
43Scarface
47.5%
22The Big Lebowski
47.3%
83American Psycho
46.7%
66Basic Instinct
46.2%
23Hellraiser
45.9%
84Inception
45.6%
41Paul
44%
67E.T.: The Extra-Terrestrial
43.2%
53The Fifth Element
43.1%
89Coming to America
42%
69Coraline
41.4%
86Total Recall
40.3%
47Pan's Labyrinth
39.7%
35Watchmen
39.3%
59Christmas Vacation
39.3%
48Borat: Cultural Learningsā€¦
39.1%
98Scott Pilgrim vs. The World
39%
10Avatar
36.3%
24The Truman Show
36%
88Gangs of New York
34.5%
92Blazing Saddles
33.8%
51Up in the Air
31.8%
76Jurassic Park
31.8%
72There Will Be Blood
31%
77Sin City
30.4%
26The Life of Brian
30.2%
96Sucker Punch
29.1%
34Say Anything
28.5%
Image Movie % Correct
25Inglourious Basterds
28.3%
57Office Space
27%
46Aliens
26.8%
94District 9
26.4%
62This Is Spinal Tap
26.3%
40Spirited Away
25.9%
15Spaceballs
25.4%
95Finding Nemo
25.2%
18Airplane!
25.1%
37Rear Window
23.6%
8728 Days Later
21.5%
68Blade Runner
20.4%
100Watership Down
20.2%
97Fight Club
20.2%
56Showgirls
20.1%
55The Great Dictator
19.9%
58The Departed
19.8%
71Dirty Rotten Scoundrels
19.6%
75Apocalypse Now
19.2%
60Twister
19.2%
19Star Trek II
18.1%
78Flashdance
17.6%
50Clerks
17.3%
38Poltergeist
16.9%
49Dune
13.4%
65Dumb & Dumber
12.3%
80Amadeus
11.2%
99Cold Mountain
10.9%
29Invasion of the Body Snatchers
9.3%
70The Amityville Horror
5.8%
93Zorba the Greek
5.3%
85The Third Man
2.7%

You're not logged in!

Compare scores with friends on all Sporcle quizzes.
Sign Up with Email
OR
Log In

You Might Also Like...

Show Comments

Extras

Top Quizzes Today


Score Distribution

Your Account Isn't Verified!

In order to create a playlist on Sporcle, you need to verify the email address you used during registration. Go to your Sporcle Settings to finish the process.